000 00175nam a22000977a 4500
003 SGT
245 _aImplant Dentistry
260 _c2016,2016
300 _a425
942 _2ddc
_cBV
999 _c30010
_d30010